000 00725nam a22001817a 4500
999 _c371359
_d371359
008 201127b ||||| |||| 00| 0 eng d
040 _aDE-2950
_bger
_cDE-2950
_erda
041 _ager
245 _aBaustelle auf der Zielgeraden.
_bBildungscampus: Der Neubau des Hauses 2 an der Hutten-Oberschule steht. Im kommenden Schuljahr sollen Schüler und Lehrer einziehen /.
_cLisa Mahlke
264 _c2022
653 _aFrankfurt (Oder)
653 _aOberschule Ullrich von Hutten
773 _dFrankfurt (Oder) Märkisches Verlags- und Druckhaus GmbH & Co KG
_tMärkische Oderzeitung
_g33. Jahrgang (2022) Nr. 18 vom 22./23.01.2022, S. 15
942 _cA